Quizzes
Events
Quiz Creation
Community
Videos
Private Events
Remove Ads
Sign In
Join for FREE
Feedback
Dark Mode
Quiz Categories
Sports
Geography
Music
Movies
Television
Just For Fun
Miscellaneous
History
Literature
Language
Science
Gaming
Entertainment
Religion
Holiday
For Kids
Quiz Lab
Recent
Popular Today
Quiz Kudos Today
Editor Picks
Curator Picks
Quizzes by...
Day
Popularity
Type
Ratings
Length
Year
Community
Subscriptions
Recent Discussions
Orange Saloon
Badges
Playlists
Quests
Create
Leaderboards
Showdown
Live 5
Trivia Bingo
Activity
Puzzle Library
Sporcle Events
Private Events
Virtual Trivia
Globe League
Become a Host
Pub Owners
SporcleCon
Opinionation
Our Games
Videos
Blog
Mobile Apps
Partnerships
Remove Ads and Go Orange
Feedback
Geography
Country
Landmarks
City
State
Population
World
Capital
Continent
Flags
Europe
Africa
Asia
South America
North America
Oceania
Border
Canada
United Kingdom
Topography
United States
Geography
Country
Landmarks
City
State
Population
World
Capital
Continent
Flags
Europe
Africa
Asia
South America
North America
Oceania
Border
Canada
United Kingdom
Topography
United States
Random Quiz
Search Sporcle
×
Quiz Lab
Quiz Lab
Geography
General Knowledge
Type in answers that appear in a list
Type in answers that appear in a list
Classic
Best Score? Go Orange.
World Landmarks Stats
Can you name the landmarks of the world?
By
scrazza_95
2m
20 Questions
186 Plays
186 Plays
186 Plays
Comments
Comments
Give Quiz Kudos
Give Quiz Kudos
-
- Ratings
hide this ad
Forced Order
Answers have to be entered in order
Answers have to be entered in order
Replay
Link that replays current quiz
Next Quiz
Link to next quiz in quiz playlist
You Got
0%
They Got
Avg Score
52%
Avg Friend Score
Upgrade to see
Score Distribution
Jump to the score distribution portion of the page
Score
0/20
Timer
02:00
0
Plays Today
Landmark
City
% Correct
Eiffel Tower
Paris, France
96.2%
Big Ben
London, UK
95.7%
Empire State Building
New York, USA
92.5%
White House
Washington DC, USA
92.5%
Colosseum
Rome, Italy
79%
Giza Pyramid
Cairo, Egypt
74.2%
Leaning Tower
Pisa, Italy
67.2%
Forbidden City
Beijing, China
66.7%
Acropolic
Athens, Greece
59.1%
Kremlin
Moscow, Russia
58.6%
Landmark
City
% Correct
Golden Gate Bridge
San Francisco, USA
52.2%
Taj Mahal
Agra, India
51.1%
Hanging Gardens
Babylon, Iraq
51.1%
Christ on the Corcovado
Rio de Janeiro, Brazil
41.4%
Juche Tower
Pyongyang, North Korea
18.3%
Machu Picchu
Cuzco, Peru
14%
Angkor
Siem Reap, Cambodia
10.2%
Statue of Zeus
Olympia, Greece
9.7%
Victoria Falls
Livingstone, Zambia
8.6%
Mount Rushmore National Memorial
Keystone, South Dakota
8.1%
Quiz Playlist
Details
Report
Send in Message
Add To Playlist
Classic:
Type in answers that appear in a list
Forced Order:
Answers have to be entered in order
Last Updated: Feb 16, 2017
Quiz Scoreboard
CHALLENGE
Sign Up to Join the Scoreboard
Show All
Scores
Hide
Comments
May contain spoilers
Recently Published
An Introduction to Baseball
by treessimontrees
Sports
5m
Movies - When Are They Set?
by FPL_Elf
Movies
5m
Popular People in 1961
by mucciniale
History
6m
More to Explore
Quiz From the Vault
Featured Blog Post
Where Did the Easter Bunny Come From?
hide this ad
You Might Also Like...
Tags
General Knowledge Quiz
Today's Top Quizzes in Geography
Browse Geography
hide this ad
Today's Top Quizzes in General Knowledge
Browse General Knowledge
Top Contributed Quizzes in Geography
1
Countries of the World - No Outlines Minefield
2
Top 25 Cities of France on a map
3
Closest Countries to UK A-Z
4
Any capital of a 'B' country per Continent
5
One Thing in Common: United Kingdom
6
Find the Provinces of Canada - No Outlines Minefield
7
Any capital of a 'C' country per Continent
8
Blind Secret Country CLXXXVIII
9
Find the US States - No Outlines
10
Any capital of a 'D' country per Continent
Explore More
Trending Topics
Disney
Marvel
Crossword
Harry Potter
Anime
Kpop
NBA
Puzzle
WWE
Pokémon
The Office
Country
NFL
Soccer
Song
hide this ad
More By:
scrazza_95
Quiz
Plays
Rating
Category
Featured
Created
World Landmarks
186
4.00
Geography
Feb 14, 2012
Go to Creator's Profile
Score Distribution
Quiz Creator Spotlight
scrazza_95
Follow
Send a Message
Quizzes Created
-
Created Quiz Play Count
-
More By This Creator
Popular Quizzes Today
1
Find the Countries of Europe - No Outlines Minefield
2
Find the US States - No Outlines Minefield
3
The Countries of the World
4
Popular People in 1961
5
US States
6
Find the US States
7
1-10 Letter E Words III
8
Risky Map Clicking: Biggest States A-Z
More Geography Quizzes
Risky Map Clicking: Next State Alphabetically
Published
Trending Quizzes
Risky Map Clicking: Least Populous States A-Z
1-10 Letter F Words
1-10 Letter G Words
One Thing in Common: United Kingdom
Risky Map Clicking: Next State Alphabetically
Recently Updated
Leaping Animals
pecheneg
Reality TV Shows (A-Z)
bhenderson79
Rickey Henderson's Hall of Fame Teammates
pecheneg
Champions League XIs: Arsenal
pecheneg
Quick Pick: Celebrities in WWE's Hall of Fame
aduchscher
A-Z Keypad Blitz II
pecheneg
Multiple Oscar Actors
pecheneg
Mystery Phrase Blitz: Oscar 'Best Actors'
pecheneg
F. Scott Fitzgerald Novels
LTH
Pick 3 Villains
ddd62291
Trending Topics
Disney
Crossword
NBA
Marvel
Harry Potter
Kpop
Anime
The Office
Soccer
Country
Song
Pokémon
NFL
WWE
Puzzle
Your Account Isn't Verified!
In order to create a playlist on Sporcle, you need to verify the email address you used during registration. Go to your
Sporcle Settings
to finish the process.
Report this User
Report this user for behavior that violates our
Community Guidelines
.
Details:
Send Report
Go to the Sporcle.com Mobile Site →
Comments